[Event "World Cup"]
[Site "Khanty-Mansiysk"]
[Date "2007.12.04"]
[Round "4.2"]
[White "Adams, Michael"]
[Black "Carlsen, Magnus"]
[Result "1/2-1/2"]
[WhiteElo "2729"]
[BlackElo "2714"]
[Annotator "Marin,M"]
[PlyCount "165"]
[EventDate "2007.11.24"]
[EventType "k.o."]
[EventRounds "7"]
[EventCountry "RUS"]
[SourceTitle "CBM 122"]
[Source "ChessBase"]
[SourceDate "2008.01.30"]
[SourceVersion "1"]
[SourceVersionDate "2008.01.30"]
[SourceQuality "1"]

1. e4 e5 2. Nf3 Nc6 3. Bb5 a6 4. Ba4 Nf6 5. O-O Be7 6. Re1 b5 7. Bb3 d6 8. c3
O-O 9. h3 Na5 10. Bc2 d5 11. exd5 ({Just few days ealrier, Carlsen found
himself in some toruble after} 11. d4 {Dominguez Perez,L (2683)-Carlsen,M 
(2714)/Khanty-Mansiysk 2007/CBM 122/[Marin] (1/2-1/2, 45). However, it was
obvious that he had found an improvement since he was ready to play the same
line again. Besides, having familiarized himself during a couple of hours in
an over-the-board game and whi knows how many others examining it before the
tournament would have offerd him an advantage from practical point of view.})
11... e4 12. Bxe4 {White has to give up the pride of his position.} (12. Ng5 {
offers Black good play.} Nxd5 13. Nxe4 ({The tactical operation initiated with
} 13. Nxh7 {wins two pawns after} Kxh7 14. Bxe4+ Kg8 15. Bxd5 Qxd5 16. Rxe7 {
. However, White is strongly undderdeveloped (while the weakness of the
d3-square makes one remember the games Paulsen-Morphy 1857 and
Fischer-Matulovic 1970. In both games, Black installed a queen on d3, causing
White huge problems in development, although in the second game he managed to
survive somehow. Here, The least Black could do is} Be6 {winning the exchange.
White should give up the rook for the e6-bishop, because} 17. Rxc7 Qd6 {
would only make things worse.}) 13... f5 14. Ng3 f4 15. Ne4 f3 $40 16. d4 fxg2
17. Ng3 (17. Qh5 g6 18. Qh6 Rf5 19. Ng3 Bf8 20. Qd2 Rf7 $32 {Guliyev,N (2560)
-Fressinet,L (2654)/Ajaccio 2007/CBM 120 ext (0-1, 36)}) 17... Qd6 18. Qd3 g6
19. Ne4 Qe6 20. Bh6 Nf4 21. Bxf4 Rxf4 $44 {Wang Hao (2624)-Jones,G (2526)/
Liverpool 2007/CBM 120 (1/2-1/2, 104)}) 12... Nxe4 13. Rxe4 Bb7 {It can be
expected that Black will get the usual... Marshall-Attack-like compensation
for the pawn. His strong pair of bishops as well as White's delay in
development make the small material defficit rather insignifiant.} 14. d4 Re8
$5 {A theoretical refinment. By defending the bishop, Black threatens to
capture the d5-pawn with the queen, putting the enemy kingside under serious
pressure.} (14... Bxd5 15. Re1 Qd6 16. b3 $1 Nc6 17. Be3 $6 ({This is
unconsequent. The previous move was useful to restrict the enemy knight, but
could also have been taken advantage of for an active development of the
bishop with} 17. Ba3 b4 18. Bxb4 Nxb4 19. cxb4 Bxf3 20. Qxf3 Qxd4 21. Na3 Bxb4
22. Red1 Qh4 23. Nc4 $14 {With such a stable knight, White has a stable
advantage.}) 17... f5 $44 {[%csl Ge3] Onischuk,V (2469)-Drozdovskij,Y (2567)/
Kharkov 2007 (0-1, 44)}) 15. Bf4 Nc4 ({Once the c1-bishop has been developed
on an active square,} 15... Qxd5 {allows White win some time to complete his
development in adequate way after} 16. Re5 Qd7 17. Nbd2 {The importance of the
bishop's good placement can be seen after} Bd6 $6 18. Rxe8+ Rxe8 19. Bxd6 $14)
({However, the immediate} 15... Bxd5 $5 {comes into consideration.}) 16. Re2
$146 ({The slightly paradoxical} 16. b3 Nb6 17. c4 {allows White retain some
pressure. The d5-pawn will not be easy to win back.} bxc4 18. bxc4 Nxc4 19. Nc3
Nd6 (19... Nb6 20. Qb3 Bxd5 21. Bxc7 $1) 20. Re1 Nb5 21. Rc1 $14 {[%csl Gc7]
Kaplan,S (2466)-Ragger,M (2528)/Yerevan 2007/CBM 120 ext (1/2-1/2, 51)}) 16...
Bxd5 17. Ne5 Bg5 18. Bg3 ({Generally speaking, White would be interested to
exchange these bishops, but his delay in development would leave him in
trouble after} 18. Bxg5 $2 Qxg5 $17 {[%csl Ge5,Gg2]}) 18... Nxe5 19. Rxe5 Rxe5
20. Bxe5 Qd7 {White is close to complete his development and, unlike in the
Marshall Attack, his king is in absolute safety. However, Black's firm control
over the light squares keeps the position balanced.} 21. Na3 (21. Nd2 {would
almost surely lead to a draw after} Bxd2 22. Qxd2 f6 23. Bg3 Re8 {It is
virtually impossible for White to create a queenside passed pawn.}) 21... f6
22. Bg3 Qc6 23. f4 {The first significant weakness. Adams wanted the d2-square
for his queen, but the e4-square will remain chronically weak now.} (23. f3 Re8
$44) 23... Bh6 24. Qd2 g6 (24... f5 $5 25. Nc2 Be4 {[%cal Gg7g6,Gh6f8,Gf8d6]
would have allowed Black retain his pair of bishops.}) 25. Nc2 Bf8 26. f5 $1
$14 {White has managed to get rid of this pawn, opening the way to his passive
bishop. It is hard to claim a clear advantage yet, but it is clear that only
White can play for a win.} Re8 27. fxg6 hxg6 28. Rc1 Re4 29. b3 Qe6 30. Re1 c6
31. Kh2 a5 32. Qd3 f5 33. Be5 a4 34. Qg3 Rxe1 35. Nxe1 Be4 36. Nf3 {[%cal
Gf3g5]} Bxf3 37. Qxf3 axb3 38. axb3 {A curious endgame. I would say that White
is not without chances here, but Carlsen defends with such great confidence
that the final part of the games leaves the sensation that the position is
absolutely equal.} Be7 39. Kg1 Kf7 40. Kf2 Ke8 41. Qe2 Kf7 42. c4 bxc4 43. bxc4
Bh4+ 44. Kf1 Be7 45. Ke1 Bb4+ 46. Kd1 Be7 47. Kd2 Bb4+ 48. Kd3 Be7 49. Qe3 Ke8
50. Qh6 Kd7 51. Qh8 Bd8 52. Qg7+ Be7 53. Kc3 Ke8 54. Qh8+ Kd7 55. Qb8 Bd8 56.
Kb3 Be7 57. Qb6 Ke8 58. Qb8+ Kf7 59. Kc3 Qd7 60. Qh8 Qe6 61. h4 Bf8 62. g3 Be7
63. c5 Bf8 64. Kb4 Be7 65. h5 gxh5 66. Qxh5+ Kf8 67. Qh8+ Kf7 68. Qh1 Ke8 69.
Qf3 Kd7 70. Qd3 Bf8 71. Kc3 Be7 72. Qb1 Ke8 73. Qb7 Bd8 74. Kb4 Be7 75. Qa8+
Kd7 76. Qa7+ Ke8 77. Qa6 Kd7 78. Qa8 Bxc5+ $1 {Bravo Magnus! It is not easy to
spot such chances after having been moving the pieces around for such a long
time.} 79. dxc5 ({The black queen has sufficient mobility along diagonals to
give perpetual check after} 79. Kxc5 Qd5+ 80. Kb6 (80. Kb4 $4 c5+ $1 $19) 80...
Qb3+ 81. Ka7 Qa2+ (81... Qa3+ {is also possible} 82. Kb8 Qf8+) 82. Kb8 Qg8+ 83.
Kb7 Qb3+) 79... Qxe5 80. Qb7+ Qc7 81. Qxc7+ Kxc7 82. Kc4 Kd7 83. Kd3 1/2-1/2

[Event "World Cup"]
[Site "Khanty-Mansiysk"]
[Date "2007.12.06"]
[Round "5.1"]
[White "Carlsen, Magnus"]
[Black "Cheparinov, Ivan"]
[Result "1-0"]
[WhiteElo "2714"]
[BlackElo "2670"]
[Annotator "Friedel,F"]
[PlyCount "123"]
[EventDate "2007.11.24"]
[EventType "k.o."]
[EventRounds "7"]
[EventCountry "RUS"]
[SourceTitle "CBM 122"]
[Source "ChessBase"]
[SourceDate "2008.01.30"]
[SourceVersion "1"]
[SourceVersionDate "2008.01.30"]
[SourceQuality "1"]

{Carlsen and Cheparinov already met in the third round of the World Cup in
Khanty-Mansiysk two years ago. The two regular games ended with the score 1-1
then, each of the opponents winning with the black pieces! After that in the
rapid Magnus knocked out Ivan by winning both games. In the two years period
both players constantly grew in strength and now belong to the strongest
grandmasters in the world. High time for a new confrontation!} 1. d4 Nf6 2. Nf3
g6 {The King's Indian is a dangerous weapon in hands of tactical players. It
usually leads to sharp tactical battle, where White gains space advantage, but
where Black often keeps good counterplay possibilities against the white king.
It fits perfectly to Cheparinov's aggressive playing style.} 3. Bg5 {No, thank
you. The young Norwegian, who, by the way plays the King's Indian himself from
time to time, declines the invitation and chooses a solid and quiet set-up,
without big ambitions to fight for the opening advantage. Earlier Carlsen used
to play 3.g3 in this position.} Bg7 4. Nbd2 d6 5. e4 O-O 6. c3 c5 7. dxc5 dxc5
8. Bc4 Nc6 9. O-O Qc7 10. Qe2 h6 11. Bh4 Nh5 12. Rfe1 Bg4 13. Qe3 g5 {A
novelty. Cheparinov gains the bishop pair for the price of weakening his
kingside pawn structure.} 14. Bg3 Nxg3 15. hxg3 b6 16. Nh2 Bh5 17. g4 {So
after all Carlsen couldn't resist the temptation and tries to exploit
opponent's provokative play.} ({The more cautious} 17. Be2 {is answered with}
Bg6 {and again in order to avoid passivity White must take some aggressive
actions connected with f2-f4.}) 17... Bg6 18. g3 Rad8 19. f4 Nd4 {Who said
anything about "a solid and quiet opening set-up"? Well, in reality the
players' style and fighting spirit counts more than any other factors. It is
curious that in spite of wild complications the position remains about equal.
The only difference to the usual equality is that here any mistake can lead to
immediate disaster for either side.} 20. Rac1 b5 21. Bf1 gxf4 22. gxf4 Ne6 ({
I doubt that the cautious} 22... Bh7 {in order to keep the material balance
did cross Cheparinov's mind.}) 23. e5 {Due to the large amount of variations
to calculate, it is difficult to choose which pawn to advance. Carlsen's move
is more cautious, opening fewerdiagonals for black pieces and trying to keep
the queen away from the white king.} ({Advancing the other pawn looks possible
too:} 23. f5 Be5 24. Ndf3 ({worse is} 24. Nhf3 Bf4) 24... Bf4 25. Qf2 Bxc1 26.
Rxc1 Qf4 ({or} 26... Nf4 {after which White is not necessarily forced to take
the bishop, but can choose between moves like 27.e5 or 27.Qh4, with
compensation for the exchange.}) 27. Re1 Ng5 28. Nxg5 Qxg5 29. fxg6 fxg6 30.
Qg3 a6 {with a double-edged position.}) 23... f5 24. exf6 Rxf6 25. f5 Ng5 26.
fxg6 Re6 27. Qf2 Be5 28. Rxe5 (28. Nhf3 {is bad in view of} Bg3) 28... Qxe5 29.
Ndf3 Nxf3+ 30. Nxf3 Qf4 31. Re1 Rxe1 {In such positions the side with the rook
usually aims to exchange pieces, since in endgame the rook with a pawn has
better chances to fight against two minor pieces.} ({Nevertheless it deserved
attention} 31... Qxg4+ 32. Bg2 Rxe1+ 33. Qxe1 {and now interesting is} Rd6 {
with complicated play. White can't activate his minor pieces due to his
vulnerable king.}) 32. Nxe1 Qxf2+ 33. Kxf2 Rd2+ 34. Ke3 {Thanks to the pawn on
g6 White's chances are preferable, but Black should be able to make a draw.
However, Magnus showed a better technique and nicely used the small
inaccuracies made by Cheparinov, achieving a winning position. Then in the end
both players missed the right continuations. The last one to err was
Cheparinov....} Rd1 (34... Rxb2 35. Nd3 Rxa2 36. Nxc5 Rb2 {is a possible
alternative}) 35. Ke2 Ra1 (35... Rb1 36. b3 Rb2+ 37. Ke3 Rxa2 38. Bxb5 $16) 36.
Bg2 c4 (36... Rxa2 $4 37. Bd5+) 37. a3 Rb1 38. Nc2 Rxb2 39. Be4 Kg7 40. Ke3 Rb3
41. Kd2 Kf6 (41... e5) 42. Nd4 Rxa3 43. Nxb5 Ra5 44. Nc7 Kg7 45. Ne6+ Kh8 46.
Ke3 Ra1 47. Kd4 a5 48. Bc6 a4 49. Be8 Rg1 50. g5 a3 51. Bf7 Rxg5 52. Nxg5 hxg5
53. Bxc4 Kg7 54. Kd3 $2 (54. Ke5 Kxg6 55. Ba2 g4 56. Kf4 Kf6 57. Kxg4 Ke5 58.
Kf3 $18) 54... Kxg6 55. Kc2 g4 56. Kb3 (56. Bd3+ Kg5 57. c4 e5 58. c5 g3 59.
Bf1 ({or} 59. Be4 Kf4 60. Bg2 e4 61. c6 e3 62. c7 e2 63. Kd2 a2) 59... e4 60.
c6 e3 61. c7 g2 62. Bxg2 e2 63. Kd2 a2 $11) 56... Kf5 57. Kxa3 {This endgame
is easy to analyze thanks to the available so-called tablebases. Playing it
with no time is a completely different thing, so I will just indicate the
mistakes, without deep analysis.} g3 $2 (57... Ke4 58. Ba6 e5 $11 {Also 57...
Kf4 and 57...e5 are sufficient for a draw.}) 58. Bf1 $2 ({Correct is} 58. Bd5
e5 59. Bg2 {(or 59.Bh1)} e4 60. Kb3 e3 61. Kc2 {winning}) 58... e5 $2 (58...
Kf4 {(or immediately 58...Ke4)} 59. c4 Ke4 60. Kb4 e5 61. Kc3 (61. c5 Kd5 62.
Kb5 e4 63. Bg2 Kd4 64. c6 e3 65. c7 e2 66. c8=Q e1=Q $11) 61... Kf3 62. c5 Kf2
63. Bh3 e4 64. c6 e3 65. c7 e2 66. c8=Q e1=Q+ $11) 59. Kb3 $2 {This move again
allows Black to escape} ({White must start with} 59. Bg2 e4 (59... Kf4 60. c4
$18) 60. Kb3 Ke5 61. Kc4 $18) 59... Kf4 $2 {The last mistake.} (59... Ke4 $1
60. Bg2+ Kd3 $1 {still achieves a draw.}) 60. Bg2 Ke3 61. Kc4 Kf2 62. Be4 (62.
Be4 g2 63. Bxg2 Kxg2 64. Kd5 $18) 1-0

[Event "World Cup"]
[Site "Khanty-Mansiysk"]
[Date "2007.12.07"]
[Round "5.2"]
[White "Cheparinov, Ivan"]
[Black "Carlsen, Magnus"]
[Result "1/2-1/2"]
[WhiteElo "2670"]
[BlackElo "2714"]
[Annotator "CB"]
[PlyCount "159"]
[EventDate "2007.11.24"]
[EventType "k.o."]
[EventRounds "7"]
[EventCountry "RUS"]
[SourceTitle "CBM 122"]
[Source "ChessBase"]
[SourceDate "2008.01.30"]
[SourceVersion "1"]
[SourceVersionDate "2008.01.30"]
[SourceQuality "1"]

{The second match game between Carlsen and Cheparinov left a strange feeling.
The Bulgarian grandmaster chose a deeply analyzed opening variation, very well
known to his opponent - a rather surprising strategy, especially since this
variation leads to simple positions with visible drawish tendencies. The game
quickly entered a four-rooks endgame with an extra pawn for White, but without
real winning chances for Cheparinov. His further efforts were in vain: such
endgames can hardly be won, no matter of one's efforts and willingness to win.
Thus Carlsen's draw with the black pieces was unexpectedly easy, and he won
the match 1.5-0.5.} 1. d4 Nf6 2. c4 e6 3. Nc3 Bb4 4. Nf3 c5 5. g3 cxd4 6. Nxd4
O-O 7. Bg2 d5 8. cxd5 Nxd5 9. Qb3 (9. Bd2 Bxc3 10. bxc3 e5 11. Nb3 Nc6 12. O-O
Nb6 13. Be3 Qc7 14. Qc2 Be6 15. Rfd1 Nc4 16. Bc5 Rfd8 17. Qe4 Rac8 18. f4 f5
19. Qf3 b6 20. Bf2 e4 $17 {Onischuk,A (2650)-Carlsen,M (2710)/Biel (blitz) 2007
}) 9... Qa5 10. Bd2 Nc6 11. Nxc6 bxc6 12. O-O Bxc3 13. bxc3 Ba6 14. Rfd1 Qc5
15. e4 Bc4 16. Qa4 ({The position is well-known to Carlsen also from the white
side:} 16. Qc2 Nb6 17. Bf4 e5 18. Be3 Qa3 19. Bh3 Rab8 20. Qc1 Qxc1 21. Rdxc1
Bd3 22. f3 Rb7 $11 {Carlsen,M (2698)-Leko,P (2741)/Moscow 2006}) 16... Nb6 17.
Qb4 Qh5 18. Bf4 c5 19. Qa5 ({The Norvegian has pleasant memories with this
position. Less then a month ago he won a nice game against Jakovenko:} 19. Qb2
Rad8 20. Re1 Rd7 21. h3 h6 22. a4 Ba6 23. Qa2 Rfd8 24. a5 Nc4 25. Bf1 e5 26. g4
Qg6 27. Bxc4 exf4 28. Bd5 f3 29. c4 h5 30. Kh2 Qf6 31. Rg1 hxg4 32. Rab1 Bxc4
$1 33. Qxc4 Qf4+ 34. Rg3 Rxd5 $19 {Jakovenko,D (2710)-Carlsen,M (2714)/Moscow
2007}) 19... e5 {Without waiting for some improvements from his opponent,
Magnus is the first one to produce a new move.} (19... Rfc8 20. h3 f6 21. Be3
e5 22. Bxc5 Be6 23. Bxb6 axb6 24. Qxb6 {was slightly better for White in Van
Wely,L (2683) -Karjakin,S (2678)/Wijk aan Zee 2007}) 20. Be3 Be2 21. Re1 Nc4
22. Qa6 (22. Qxc5 Rfc8 23. Qe7 Nxe3 24. fxe3 $17 {is of course not an option
for White}) 22... Nxe3 23. Rxe2 Nxg2 24. Kxg2 Rad8 25. Rae1 Rd7 26. Qb5 Rfd8
27. Qxc5 f6 28. Qc4+ Qf7 29. Qxf7+ Kxf7 {White's extra pawn on c3 is rather
weak and his rooks are passive. Besides, with four rooks it is even more
difficult for White to make progress than with two. Carlsen confidently
handles the last part of the game.} 30. Rb1 Rc8 31. Rc2 Rc4 32. Rb4 Rc5 33. Kf1
a5 34. Ra4 g5 35. Ke2 g4 36. Ra3 Rdc7 37. Rc1 h5 38. Kd3 Rd7+ 39. Ke3 Rdc7 40.
Rb3 Rc4 41. Kd3 Ra4 42. Rc2 Rd7+ 43. Ke3 Rc7 44. Rb5 Ke6 45. Rb6+ Kf7 46. Ra6
Kg6 47. Ra8 Kf7 48. Ra6 Kg6 49. Rd6 Kf7 50. Kd3 Ke7 51. Rd5 Ke6 52. Rd8 Kf7 53.
c4 Ra3+ 54. Kd2 Ra4 55. Kd3 Ra3+ 56. Kd2 Ra4 57. c5 Rxe4 58. Kd3 Ra4 59. Rd6
Ke7 60. Ra6 Rd7+ 61. Kc3 Rdd4 62. Kb2 Rab4+ 63. Kc1 a4 64. Rc3 Rbc4 65. Kc2 Re4
66. Ra7+ Ke6 67. c6 Kd6 68. c7 Kd7 69. Rxc4 Rxc4+ 70. Kd3 Rd4+ 71. Ke3 f5 72.
Ra6 Kxc7 73. Rf6 Re4+ 74. Kd3 Rd4+ 75. Ke3 Re4+ 76. Kd3 Rd4+ 77. Kc3 f4 78. Rf5
Re4 79. Kd3 Rd4+ 80. Kc3 1/2-1/2

[Event "Corus"]
[Site "Wijk aan Zee"]
[Date "2008.01.14"]
[Round "3"]
[White "Adams, Michael"]
[Black "Carlsen, Magnus"]
[Result "1/2-1/2"]
[WhiteElo "2726"]
[BlackElo "2733"]
[Annotator "Marin,M"]
[PlyCount "75"]
[EventDate "2008.01.12"]
[EventType "tourn"]
[EventRounds "13"]
[EventCountry "NED"]
[EventCategory "20"]
[SourceTitle "CBM 122"]
[Source "ChessBase"]
[SourceDate "2008.01.30"]
[SourceVersion "1"]
[SourceVersionDate "2008.01.30"]
[SourceQuality "1"]

1. e4 e5 2. Nf3 Nc6 3. Bb5 a6 4. Ba4 Nf6 5. O-O Nxe4 6. d4 b5 7. Bb3 d5 8. dxe5
Be6 9. Nbd2 Be7 10. c3 O-O 11. Bc2 f5 {This variation has been known since the
times of Dr. Tarrasch and has become fashionable in several different periods
of chess history. Some years ago, Korchnoi brought it into the limelight again
by employing it twice against Shirov.} 12. Nd4 ({Now, just as 100 years ago,
the critical line is considered to be} 12. Nb3 Qd7 13. Nbd4 Nxd4 14. Nxd4 c5
15. Nxe6 Qxe6 16. f3 Ng5 17. a4 {More about it, in my opening database from
the CD corresponding to CBM 115.}) 12... Nxd4 {Actually, I do not understand
why this move is almost unanimously played here.} ({I would answer with} 12...
Qd7 {when I do not see anything better for White than} 13. Nxc6 (13. f3 Nxd4
14. cxd4 Nxd2 15. Bxd2 c5 16. dxc5 Bxc5+ 17. Kh1 Bd4 $15) (13. Nxe6 Qxe6 $15 {
[%csl Ge5]}) 13... Qxc6 {, with a transposition to the main line with, say,}
14. Nb3 Qd7 15. Nd4 c5 16. Nxe6 Qxe6) 13. cxd4 c5 (13... Qd7 $5 {Bologan,V 
(2682)-Sokolov,I (2696)/Stepanakert 2005/CBM 110/[Erenburg] (1/2-1/2, 35)}) 14.
dxc5 Bxc5 (14... Nxd2 {Spraggett,K-Mikhalevski,V/Kapuskasing 2004/CBM 101 ext/
[Mikhalevski,V] (1-0, 30)}) 15. Nb3 Bb6 (15... Ba7 {should not have
independent value.} 16. Be3 $6 ({Better is} 16. Nd4 {, when Black cannot take
advantage of the availability of the b6-square with} Qb6 $6 {because of} 17.
Be3 f4 18. Nxe6 Qxe6 19. Bxa7 Rxa7 20. Bb3 Rd7 21. Qd4 $16 {when Black is
hanging. Instead, 16...Bxd4 would transpose to our main game.}) 16... Bxe3 17.
fxe3 Qc7 18. Bxe4 dxe4 19. Qd6 Qxd6 20. exd6 Rfd8 {1/2-1/2 Lein,A-Lutikov,A/
Kiev 1964/URS-ch}) 16. Nd4 {There are not too many relevant games available
from this position.} Bxd4 $5 $146 {Black gives up the pair of bishops for the
sake of rapid development. However, after this exchange, the weakness of the
dark squares will tend to have a permanent character, which makes Carlsen's
novelty quite risky from the strategic point of view.} ({Almost two decades
ago, Adams faced the incorrect sacrifice} 16... Nxf2 $2 17. Rxf2 Qh4 18. Rf4
Qe7 19. Kh1 g5 20. Rf1 Rac8 21. Bxf5 {1-0 Adams,M (2495)-Demarre,J (2190)/
Paris 1989/TD}) (16... Qd7 17. Be3 $14) 17. Qxd4 Rc8 18. Bb3 (18. Bd1 Rc4 $132)
18... Nc5 19. Bd2 $6 {Black should have preserved his bishop from exchange at
any cost.} (19. Bd1 $1 Bf7 (19... Ne4 20. Be2 $14 {[%csl Gc4]}) 20. b3 Re8 21.
Ba3 Ne6 22. Qd2 $14 {The knight is well placed on e6, but the bishop has
problems becoming active. If a wizard could transfer it to b7, Black's
position would be absolutely fine, but here he is struggling still.}) 19...
Nxb3 20. axb3 Rc6 {With opposite-coloured bishops on the board, White's
superiority is of a symbolic nature.} 21. Bb4 Re8 22. Bc5 f4 23. f3 Qg5 24. Rf2
Bf7 25. Bd6 Rec8 26. Re1 Be6 27. Bb4 Rc1 28. Rxc1 Rxc1+ 29. Rf1 Rxf1+ 30. Kxf1
Qf5 31. h4 Qb1+ 32. Be1 h5 33. b4 Qc1 34. Kf2 Qc4 35. Bc3 Qxd4+ 36. Bxd4 Kf7
37. Ke2 Bf5 38. Kf2 1/2-1/2